| 000 | 00684nam a2200229Ia 4500 | ||
|---|---|---|---|
| 003 | OSt | ||
| 005 | 20240810090215.0 | ||
| 008 | 210716s2016 xx 000 0 und d | ||
| 020 | _a9780241951224 | ||
| 040 | _cAIMIT LIBRARY | ||
| 041 | _aeng | ||
| 082 |
_a374.22 _21 _bTHAR |
||
| 100 |
_aThaler, Richard H. _9176277 |
||
| 245 |
_aMisbehaving : _bmaking of behavioural economics / _cBy Richard H Thaler. |
||
| 250 | _a1st ed. | ||
| 260 |
_aHaryana : _bPenguin Books , _c2016. |
||
| 300 |
_axiv,415p. ; _bPB _c20.6 cm |
||
| 650 |
_aBeginning : 1970-78 _9176278 |
||
| 650 |
_aMental accounting :1979-85 _9176279 |
||
| 650 |
_aInterlude _9176280 |
||
| 942 |
_2ddc _cBK _e1st _k374.22 THAR |
||
| 999 |
_c210451 _d210451 |
||